| 000 | 00400nam a2200169Ia 4500 | ||
|---|---|---|---|
| 008 | 220531s9999 xx 000 0 und d | ||
| 041 | _aeng | ||
| 082 | _bSRI | ||
| 100 |
_aSrinivas, Smriti _938707 |
||
| 245 | _aMouths Of People , Voice Of God | ||
| 260 |
_bOxford _c1995 |
||
| 300 | _a219 | ||
| 542 | _d16-06-1998 | ||
| 650 |
_aGenral _938708 |
||
| 906 | _d1998-1999 | ||
| 999 |
_c23416 _d23416 |
||